000 00195 a2200097 4500
001 30517
100 _aHowe
245 _aHow to study
260 _aLondon
_bKogan Page
_c
090 _c20448
_d20448
942 _aNUST-CAE
_cM
_c11612
999 _c265590
_d265590